Southernmost Countries in Order - Statistics

General Stats
  • This quiz has been taken 50 times
    30 since last reset
  • The average score is 20 of 30
Answer Stats
Answer % Correct
Australia
100%
Chile
100%
Argentina
96%
New Zealand
88%
South Africa
79%
United Kingdom
79%
Lesotho
75%
Brazil
71%
Namibia
71%
Uruguay
71%
Botswana
67%
Eswatini
67%
Mozambique
67%
France
63%
Madagascar
63%
Tonga
63%
Zimbabwe
63%
Angola
58%
Bolivia
58%
Fiji
58%
Malawi
58%
Paraguay
58%
Zambia
58%
Norway
54%
Peru
54%
Vanuatu
54%
Samoa
46%
Democratic Republic of the Congo
42%
Mauritius
42%
United States
42%
No matching quizzes found
Score Distribution
Percent of People with Each Score
Percentile by Number Answered
Your Score History
You have not taken this quiz since the last reset